000 00541nam a2200217Ia 4500
003 OSt
005 20220924133412.0
006 a|||||r|||| 00| 0
007 ta
008 220923b |||||||| |||| 00| 0 snd d
024 _a265131
037 _cTextual
040 _aARTS
_cARTS
_bsnd
041 _2snd
_asnd
082 _aDelta2y7M36, 1593K4
100 _aRamkrichan
_9206341
245 0 _aAmrit wachan
260 _c1964
942 _hDelta2y7M36, 1593K4
_cTEXL
_2CC
999 _c433673
_d433673